000 00855nam a22002891 4500
001 33442
003 BD-RjUL
005 20211209052016.0
008 140509r19701969enka b 001 0 eng
020 _a008013355X
035 _a(BD-RjUL)33533
040 _aDLC
_cDLC
_dDLC
_dBD-RjUL
_beng
041 _aeng
082 0 0 _a300.18
_bSTM 1970
100 1 _aStacey, Margaret.
_9101492
245 1 0 _aMethods of social research /
_cMargaret Stacey
250 _a1st ed.
260 _aOxford ;
_aNew York :
_bPergamon Press,
_cc1969 [Reprinted 1970].
300 _ax, 173 p. :
_bill. ;
_c20 cm.
490 0 _aThe Commonwealth and international library. Social studies
504 _aBibliography: p. 145-152.
504 _aIncludes index.
650 0 _aSociology
_xResearch.
_9101493
942 _2ddc
_cBK
999 _c33442
_d33442